000 00576nam a22001577a 4500
003 NUST
038 _aNusrat Nadeem
082 _a200
100 _aMuhammad Usman,
_94544
245 _aArtificial Intelligence-Based Monitoring of Greenhouse Gases (GHGs) Emissions from Combustion Processes in a Cement Manufacturing Plant/
_cUsman, Muhammad
264 _aIslamabad:
_bSCME NUST
_c2026.
650 _aPhD- Chemical Engineering
_9123341
700 _aSupervisor: Dr. Iftikhar Ahmad
_997150
856 _uhttp://10.250.8.41:8080/xmlui/handle/123456789/57290
942 _2ddc
_cSC
999 _c616392
_d616392